[Event "3º Open de Lisboa "]
[Site "Altis Park Hotel - Rua Eng.º A"]
[Date "2015.08.08"]
[Round "1.1"]
[White "BRAVO, António José Vieira"]
[Black "DUANY, Lelys Stanley Martin"]
[Result "0-1"]
[WhiteElo "1835"]
[BlackElo "2450"]
[PlyCount "92"]
[EventDate "2015.08.08"]

1. c4 Nf6 2. Nc3 e5 3. g3 Bb4 4. Bg2 O-O 5. Nf3 e4 6. Ng5 Bxc3 7. dxc3 Re8 8.
O-O d6 9. Nh3 h6 10. Nf4 Bf5 11. Nd5 Nbd7 12. Ne3 Bg6 13. b3 a5 14. a4 Qe7 15.
Ra2 Qe5 16. Qd4 Qh5 17. f4 exf3 18. Bxf3 Qe5 19. Bxb7 Rab8 20. Bc6 Rxb3 21. Nd5
Nxd5 22. Qxe5 Rxe5 23. cxd5 Nc5 24. Bf4 Re4 25. Bb5 Rxc3 26. Bd2 Rb3 27. Bxa5
Re7 28. Bc4 Rb8 29. Be1 Bb1 30. Ra1 Re4 31. Bb5 Bc2 32. Rf4 Rxf4 33. gxf4 Bxa4
34. Rxa4 Rxb5 35. Ra8+ Kh7 36. Ra7 Rb7 37. Ra1 Kg6 38. Kg2 Kf5 39. Kf3 g5 40.
fxg5 hxg5 41. Bf2 Rb3+ 42. e3 Ne4 43. Ra2 g4+ 44. Kg2 Ke5 45. Rc2 f5 46. Rxc7
Rb2 0-1

[Event "3º Open de Lisboa "]
[Site "Altis Park Hotel - Rua Eng.º A"]
[Date "2015.08.08"]
[Round "1.2"]
[White "DIAS, Paulo Jorge Guimarae"]
[Black "ROCHA, Manuel Fernando Teix"]
[Result "1-0"]
[WhiteElo "2390"]
[BlackElo "1827"]
[PlyCount "71"]
[EventDate "2015.08.08"]

1. e4 e6 2. d4 d5 3. Nc3 Nf6 4. Bg5 Be7 5. exd5 exd5 6. Bd3 Nc6 7. Nge2 Be6 8.
O-O h6 9. Bh4 g5 10. Bg3 Nh5 11. Bb5 Qd7 12. Be5 Rg8 13. Ng3 Nf4 14. Re1 O-O-O
15. Qf3 Bg4 16. Bxc6 bxc6 17. Qe3 Bd6 18. Na4 Rde8 19. Qc3 Kb8 20. Re3 Bh3 21.
Nc5 Bxc5 22. Qxc5 Ne6 23. Qb4+ Ka8 24. gxh3 Rb8 25. Qa5 Rb5 26. Qc3 Nf4 27.
Rae1 c5 28. dxc5 Qxh3 29. Bxf4 gxf4 30. Re8+ Rb8 31. Rxb8+ Kxb8 32. Qb4+ Kc8
33. Qxf4 Qd7 34. Kg2 h5 35. h3 Qd8 36. Qf5+ 1-0

[Event "3º Open de Lisboa "]
[Site "Altis Park Hotel - Rua Eng.º A"]
[Date "2015.08.08"]
[Round "1.3"]
[White "MENDES, Modeste"]
[Black "ROCHA, Sérgio Manuel Colaço"]
[Result "0-1"]
[WhiteElo "1816"]
[BlackElo "2384"]
[PlyCount "104"]
[EventDate "2015.08.08"]

1. Nf3 d6 2. d4 Bg4 3. Nbd2 Nd7 4. g3 e5 5. Bg2 Ngf6 6. O-O Be7 7. h3 Bh5 8. b3
e4 9. Nh4 g5 10. Nf5 Bg6 11. Ne3 Bf8 12. c4 Bg7 13. Bb2 O-O 14. Qc2 Qe7 15. Kh2
Rfe8 16. Rad1 Rac8 17. Nb1 c6 18. Qd2 b6 19. Na3 Nh5 20. Nec2 f5 21. Bc1 f4 22.
Rg1 Rf8 23. g4 Nhf6 24. Bf1 h6 25. h4 Bf7 26. h5 Be6 27. f3 Rfe8 28. Bh3 Kh8
29. e3 Rf8 30. exf4 gxf4 31. Qe2 e3 32. Bf1 Nh7 33. Rg2 Ng5 34. Ne1 c5 35. Bb2
cxd4 36. Bxd4 Ne5 37. Bb2 Rcd8 38. Nb5 Bc8 39. Nd4 Bb7 40. Rg1 d5 41. Nf5 Rxf5
42. gxf5 d4 43. Bg2 Qf7 44. Rh1 Qxf5 45. Rxd4 Rxd4 46. Bxd4 Bxf3 47. Qc2 Qg4
48. Rf1 Qxh5+ 49. Kg1 Bxg2 50. Kxg2 f3+ 51. Rxf3 Ngxf3 52. Nxf3 Qxf3+ 0-1

[Event "3º Open de Lisboa "]
[Site "Altis Park Hotel - Rua Eng.º A"]
[Date "2015.08.08"]
[Round "1.4"]
[White "DIOGO, Vasco André Marçalo"]
[Black "ELIAS, Ruben Joel Monteiro"]
[Result "1-0"]
[WhiteElo "2240"]
[BlackElo "1812"]
[PlyCount "93"]
[EventDate "2015.08.08"]

1. d4 d5 2. c4 e6 3. Nf3 Nf6 4. g3 Bb4+ 5. Nbd2 Ne4 6. Bg2 Nxd2 7. Bxd2 Bxd2+
8. Qxd2 O-O 9. O-O Nd7 10. Rac1 c6 11. Rfd1 Re8 12. Qf4 Qf6 13. Qxf6 Nxf6 14.
Ne5 Nd7 15. e4 dxe4 16. Bxe4 Nf6 17. Bf3 Bd7 18. g4 Red8 19. h4 Be8 20. Kh2
Rac8 21. c5 Nd5 22. Nc4 Kf8 23. Nd6 Rc7 24. Bxd5 cxd5 25. Kg3 Bc6 26. f4 Rcd7
27. Re1 b6 28. b4 bxc5 29. bxc5 Rb8 30. Rb1 Rdd8 31. Kf2 Ba8 32. Ke3 Bc6 33.
Kd2 Ba8 34. Kc3 Bc6 35. Rf1 Bd7 36. Rb3 Rxb3+ 37. axb3 a5 38. Ra1 Ra8 39. Nb7
a4 40. b4 Ra7 41. Nd6 Ke7 42. b5 Ra8 43. Kb4 a3 44. Rxa3 Rxa3 45. Kxa3 f6 46.
Kb4 Kd8 47. c6 1-0

[Event "3º Open de Lisboa "]
[Site "Altis Park Hotel - Rua Eng.º A"]
[Date "2015.08.08"]
[Round "1.5"]
[White "FIDALGO, Daniel Neves"]
[Black "FERREIRA, Luis Pedro Oliveira"]
[Result "0-1"]
[WhiteElo "1802"]
[BlackElo "2218"]
[PlyCount "112"]
[EventDate "2015.08.08"]

1. c4 e5 2. g3 g6 3. Bg2 Bg7 4. e4 d6 5. d3 Be6 6. Ne2 Qd7 7. O-O Bh3 8. Nbc3
Ne7 9. Bg5 f6 10. Be3 h5 11. Nb5 Na6 12. f4 Bxg2 13. Kxg2 h4 14. Ng1 c6 15. Nc3
d5 16. cxd5 cxd5 17. Nxd5 Nxd5 18. exd5 exf4 19. Rxf4 hxg3 20. hxg3 Qxd5+ 21.
Re4+ Kf7 22. Qb3 Qxb3 23. axb3 f5 24. Rc4 Bxb2 25. Ra2 Bf6 26. Nf3 Rhd8 27. d4
Rac8 28. Rac2 Rxc4 29. Rxc4 Rd7 30. Ne5+ Bxe5 31. dxe5 b6 32. Rc6 Nc7 33. Rf6+
Kg7 34. Bg5 Ne8 35. Re6 Kf7 36. Rc6 Rc7 37. e6+ Kg7 38. Rc4 Rxc4 39. bxc4 Nc7
40. Bf4 Nxe6 41. Bb8 Nf8 42. Bxa7 Nd7 43. Kf3 Kf6 44. g4 fxg4+ 45. Kf4 g5+ 46.
Kxg4 Kg6 47. Kg3 Kf5 48. Kf3 g4+ 49. Kg3 Kg5 50. Kg2 Kf4 51. Kf2 g3+ 52. Kg2
Kg4 53. Kg1 Kh3 54. Bxb6 Nxb6 55. c5 Nd5 56. Kh1 Ne7 0-1

[Event "3º Open de Lisboa "]
[Site "Altis Park Hotel - Rua Eng.º A"]
[Date "2015.08.08"]
[Round "1.6"]
[White "SANTOS, José Luis Machado Al"]
[Black "SOUSA, Tadeu Filipe Leonard"]
[Result "0-1"]
[WhiteElo "2205"]
[BlackElo "1799"]
[PlyCount "84"]
[EventDate "2015.08.08"]

1. e4 c5 2. c3 d5 3. exd5 Qxd5 4. d4 Nf6 5. Nf3 e6 6. Na3 cxd4 7. Nb5 Na6 8.
Nbxd4 Be7 9. Bb5+ Bd7 10. Qe2 O-O 11. Be3 Rac8 12. O-O Nb8 13. Rfd1 Qh5 14.
Bxd7 Nbxd7 15. Nb3 Nd5 16. c4 N5b6 17. Nbd2 Rfd8 18. b3 Bd6 19. h3 Ne5 20. Kf1
Nxf3 21. Qxf3 Qxf3 22. Nxf3 Be7 23. Ke2 Bf6 24. Rac1 Kf8 25. Nd4 Bxd4 26. Bxd4
e5 27. Bc5+ Ke8 28. Bd6 Rc6 29. Bb4 Na8 30. Rxd8+ Kxd8 31. Rd1+ Ke8 32. Bd6 f6
33. Ke3 Nc7 34. f4 exf4+ 35. Kxf4 Ne6+ 36. Ke4 Kf7 37. Rd2 Rc8 38. a4 Rd8 39.
b4 a5 40. c5 axb4 41. Kd5 b3 42. Re2 Nf4+ 0-1

[Event "3º Open de Lisboa "]
[Site "Altis Park Hotel - Rua Eng.º A"]
[Date "2015.08.08"]
[Round "1.7"]
[White "ADÃO, David Jaime Changani"]
[Black "REIS, Luís De Sousa Almeid"]
[Result "1-0"]
[WhiteElo "1788"]
[BlackElo "2196"]
[PlyCount "57"]
[EventDate "2015.08.08"]

1. Nf3 d5 2. d4 c5 3. g3 cxd4 4. Bg2 Qa5+ 5. Nbd2 Nc6 6. O-O e5 7. Nb3 Qc7 8.
c3 dxc3 9. bxc3 Nf6 10. Bg5 Be6 11. Bxf6 gxf6 12. Nh4 O-O-O 13. Qb1 Kb8 14. Rd1
Ba3 15. Nf5 h5 16. h4 Ne7 17. Nxe7 Bxe7 18. e4 dxe4 19. Qxe4 f5 20. Qe2 f4 21.
Qb5 Bd7 22. Rxd7 Rxd7 23. Na5 a6 24. Qa4 Rhd8 25. Nxb7 Ka7 26. Nxd8 Rxd8 27.
Rb1 Rb8 28. Rxb8 Qxb8 29. Qd7+ 1-0

[Event "3º Open de Lisboa "]
[Site "Altis Park Hotel - Rua Eng.º A"]
[Date "2015.08.08"]
[Round "1.8"]
[White "VIELA, André Filipe Folha"]
[Black "COSTA, João Luis Silva M Yu"]
[Result "1-0"]
[WhiteElo "2186"]
[BlackElo "1782"]
[PlyCount "129"]
[EventDate "2015.08.08"]

1. c4 e5 2. Nc3 f5 3. g3 Nc6 4. Bg2 Nf6 5. d3 Bb4 6. a3 Bxc3+ 7. bxc3 O-O 8.
Nf3 Qe8 9. O-O Qh5 10. Nd2 d6 11. e4 Qxd1 12. Rxd1 fxe4 13. Nxe4 Nxe4 14. Bxe4
Bg4 15. Re1 Bf3 16. Bd5+ Bxd5 17. cxd5 Ne7 18. c4 Rf7 19. a4 a5 20. Be3 Nf5 21.
Rab1 Nxe3 22. Rxe3 b6 23. Rb2 Raf8 24. Kf1 g5 25. h3 h5 26. Ke1 Kg7 27. Rd2 Kg6
28. Kf1 Rf6 29. Kg2 g4 30. hxg4 hxg4 31. Re4 Kg5 32. Re1 R8f7 33. Rh1 Rf3 34.
Rh8 Kg6 35. Rh4 Kg5 36. Kg1 R3f6 37. Kf1 Rf3 38. Ke1 Rf8 39. Rh7 R8f7 40. Rxf7
Rxf7 41. Ke2 Rf3 42. Rd1 Rf6 43. Rh1 Rf7 44. Rh4 Re7 45. Rh8 Rf7 46. Rg8+ Kf5
47. Ke3 Rh7 48. Rf8+ Kg6 49. Ke4 Kg7 50. Rc8 Kg6 51. Rg8+ Kh5 52. f3 gxf3 53.
g4+ Kh4 54. Kxf3 Rf7+ 55. Ke3 Kg3 56. g5 Rf3+ 57. Kd2 Rf2+ 58. Kc3 Kh2 59. Rg7
Ra2 60. g6 Rg2 61. Rxc7 Rxg6 62. Rc6 Rg3 63. Rxd6 e4 64. Kd4 exd3 65. Kc3 1-0

[Event "3º Open de Lisboa "]
[Site "Altis Park Hotel - Rua Eng.º A"]
[Date "2015.08.08"]
[Round "1.9"]
[White "ROMANO, João Manuel Pereira "]
[Black "SILVA, Miguel A Neto Pires"]
[Result "0-1"]
[WhiteElo "1775"]
[BlackElo "2174"]
[PlyCount "54"]
[EventDate "2015.08.08"]

1. e4 c5 2. Nf3 d6 3. Bb5+ Bd7 4. Bxd7+ Qxd7 5. c4 Nc6 6. d4 cxd4 7. Nxd4 g6 8.
Nc3 Bg7 9. Nde2 Nf6 10. f3 O-O 11. Be3 Rac8 12. Qd2 Ne5 13. b3 a6 14. a4 Qd8
15. O-O Nfd7 16. Rfd1 Re8 17. Rab1 Nc5 18. Nf4 h5 19. Qf2 Nxc4 20. bxc4 Bxc3
21. Bxc5 Rxc5 22. Rxb7 Rxc4 23. Nd5 Bd4 24. Qxd4 Rxd4 25. Rxd4 e6 26. Nb6 Re7
27. Rxe7 Qxb6 0-1

[Event "3º Open de Lisboa "]
[Site "Altis Park Hotel - Rua Eng.º A"]
[Date "2015.08.08"]
[Round "1.10"]
[White "FERREIRA, Hugo Miguel Da Costa"]
[Black "CORREIA, Jorge Paulo Cardoso "]
[Result "1-0"]
[WhiteElo "2133"]
[BlackElo "1770"]
[PlyCount "65"]
[EventDate "2015.08.08"]

1. d4 Nf6 2. c4 g6 3. Nc3 Bg7 4. e4 d6 5. f3 c6 6. Be3 O-O 7. Qd2 e5 8. d5 cxd5
9. exd5 Re8 10. Bd3 e4 11. Nxe4 Nxe4 12. fxe4 f5 13. e5 dxe5 14. O-O-O b5 15.
Kb1 bxc4 16. Bxc4 Ba6 17. Bb3 e4 18. Nh3 Bd3+ 19. Ka1 Nd7 20. Ng5 Ne5 21. Ne6
Rxe6 22. dxe6 Kh8 23. Qb4 Qf6 24. Bd4 Qg5 25. Qb7 Rd8 26. Bc3 Re8 27. Rxd3 exd3
28. Bxe5 Bxe5 29. Qb5 Bxb2+ 30. Kxb2 Qxg2+ 31. Ka3 Rxe6 32. Bxe6 Qxh1 33. Qe5#
1-0

[Event "3º Open de Lisboa "]
[Site "Altis Park Hotel - Rua Eng.º A"]
[Date "2015.08.08"]
[Round "1.11"]
[White "JESUS, João Pedro Mendes De"]
[Black "PIRES, Emanuel João Robarts"]
[Result "0-1"]
[WhiteElo "1764"]
[BlackElo "2133"]
[PlyCount "42"]
[EventDate "2015.08.08"]

1. d4 Nf6 2. c4 e5 3. dxe5 Ng4 4. Bf4 Nc6 5. Nf3 f6 6. e6 Bb4+ 7. Nc3 Qe7 8. h3
Nge5 9. Nxe5 fxe5 10. Bd2 Bxc3 11. Bxc3 d6 12. e3 Bxe6 13. Bd3 Qf7 14. b3 O-O-O
15. Qf3 Qe7 16. Bf5 Bxf5 17. Qxf5+ Kb8 18. O-O-O Rdf8 19. Qc2 Qg5 20. g4 Rf3
21. Kb1 Qh4 0-1

[Event "3º Open de Lisboa "]
[Site "Altis Park Hotel - Rua Eng.º A"]
[Date "2015.08.08"]
[Round "1.12"]
[White "GUERRA, Vitor Manuel Véstia"]
[Black "ALVES, Luis Miguel Guerreir"]
[Result "1-0"]
[WhiteElo "2119"]
[BlackElo "1761"]
[PlyCount "65"]
[EventDate "2015.08.08"]

1. d4 Nf6 2. c4 g6 3. Nc3 Bg7 4. Bg5 c5 5. d5 d6 6. Qd2 Qb6 7. e4 O-O 8. O-O-O
Re8 9. h3 a5 10. Bd3 a4 11. a3 Bd7 12. Nge2 Na6 13. f4 e5 14. dxe6 fxe6 15. Bc2
Bc6 16. Bxf6 Bxf6 17. Nxa4 Qa7 18. Nac3 Rad8 19. Bd3 Nc7 20. Qc2 e5 21. g3 Ne6
22. Rdf1 Bg7 23. Nd5 Ba4 24. Qd2 exf4 25. gxf4 Nd4 26. Nxd4 Bxd4 27. f5 Re5 28.
fxg6 Rxd5 29. exd5 Qb6 30. gxh7+ Kh8 31. Rh2 Re8 32. Rg2 Bg7 33. Rxg7 1-0

[Event "3º Open de Lisboa "]
[Site "Altis Park Hotel - Rua Eng.º A"]
[Date "2015.08.08"]
[Round "1.13"]
[White "LAGES, Duarte Jorge Silva"]
[Black "GUERREIRO, Nuno Ricardo De Jes"]
[Result "0-1"]
[WhiteElo "1725"]
[BlackElo "2106"]
[PlyCount "36"]
[EventDate "2015.08.08"]

1. d4 d5 2. Nf3 Nc6 3. e3 Bg4 4. c4 e5 5. dxe5 dxc4 6. Qc2 Bxf3 7. gxf3 Nxe5 8.
Qe4 Bd6 9. f4 Nf6 10. Qxb7 Rb8 11. Qg2 Nd3+ 12. Bxd3 cxd3 13. O-O h5 14. Kh1
Rh6 15. f5 Ng4 16. Qe4+ Kf8 17. f3 Qh4 18. fxg4 Qxh2# 0-1

[Event "3º Open de Lisboa "]
[Site "Altis Park Hotel - Rua Eng.º A"]
[Date "2015.08.08"]
[Round "1.14"]
[White "PINTOR, Simão Maciel Abranch"]
[Black "MARTINS, Bruno André Leite"]
[Result "0-1"]
[WhiteElo "2089"]
[BlackElo "1703"]
[PlyCount "106"]
[EventDate "2015.08.08"]

1. Nf3 Nf6 2. g3 g6 3. Bg2 Bg7 4. O-O O-O 5. d4 d5 6. c4 c6 7. Ne5 Nbd7 8. Nc3
Ne4 9. Nxd7 Nxc3 10. bxc3 Qxd7 11. cxd5 cxd5 12. Qb3 Rd8 13. e4 e6 14. exd5
exd5 15. Re1 Qc6 16. Bg5 Rd6 17. Be7 Rd7 18. Ba3 h6 19. Re8+ Kh7 20. Rae1 b5
21. Bc5 Bb7 22. Qa3 Rxe8 23. Rxe8 Rc7 24. Qxa7 Qxe8 25. Bf1 Qe1 26. Kg2 Qe4+
27. Kg1 Qe8 28. Qb6 Qc6 29. Qa5 Ba6 30. a4 Rb7 31. Bd3 Rb8 32. h4 Rb7 33. h5
Rb8 34. Bf1 Rb7 35. Bd3 Rb8 36. f4 Qe6 37. axb5 Qe3+ 38. Kh2 Qxd3 39. hxg6+
fxg6 40. Qxa6 Qxb5 41. Qe6 Qf1 42. Bb4 Ra8 43. Qxd5 Re8 44. Qg2 Re2 45. Qxe2
Qxe2+ 46. Kh3 h5 47. d5 Qf3 48. Kh2 Qxd5 49. Be7 Bxc3 50. Bg5 Qf3 51. Bd8 Qf2+
52. Kh3 Be1 53. Bh4 Qg1 0-1

[Event "3º Open de Lisboa "]
[Site "Altis Park Hotel - Rua Eng.º A"]
[Date "2015.08.08"]
[Round "1.15"]
[White "NOGUEIRA, Diana Sofia Cunha"]
[Black "MONTGOMERY, Jan Elkjaer Frants"]
[Result "0-1"]
[WhiteElo "1691"]
[BlackElo "2082"]
[PlyCount "72"]
[EventDate "2015.08.08"]

1. e4 c5 2. Nc3 a6 3. g3 b5 4. d3 Bb7 5. Bg2 e6 6. f4 Nf6 7. Nf3 d5 8. e5 Nfd7
9. O-O Nc6 10. Qe2 Qc7 11. Nd1 Rc8 12. Nf2 Nd4 13. Qd1 Be7 14. c3 Nf5 15. Bd2
h5 16. Nh3 g6 17. Nhg5 Kf8 18. Qe2 Kg7 19. Kf2 Qb6 20. h3 h4 21. g4 Ng3 22. Qe3
Bxg5 23. Nxg5 d4 24. Qe1 Nxf1 25. Bxf1 c4 26. Ne4 Bxe4 27. dxe4 dxc3+ 28. Be3
Nc5 29. Kf3 cxb2 30. Rb1 Qc6 31. Bd4 Rcd8 32. Bxb2 Nd3 33. Qe2 Nxb2 34. Qxb2 c3
35. Qb3 Rd4 36. Qc2 Rd2 0-1

[Event "3º Open de Lisboa "]
[Site "Altis Park Hotel - Rua Eng.º A"]
[Date "2015.08.08"]
[Round "1.16"]
[White "FIDALGO, André Neves"]
[Black "SOARES, Pedro José Garcia Pi"]
[Result "1-0"]
[WhiteElo "2058"]
[BlackElo "1657"]
[PlyCount "53"]
[EventDate "2015.08.08"]

1. e4 c5 2. Nf3 d6 3. d4 cxd4 4. Nxd4 Nf6 5. Nc3 a6 6. Bg5 Nbd7 7. Qd2 e6 8.
Be2 Nc5 9. f3 Be7 10. Be3 Qc7 11. g4 b5 12. a3 Bb7 13. g5 Nfd7 14. h4 Nb6 15.
O-O-O d5 16. exd5 Nxd5 17. Nxd5 Bxd5 18. Kb1 Rc8 19. Rhg1 Qb7 20. h5 Na4 21. g6
fxg6 22. hxg6 b4 23. axb4 Bxb4 24. Bb5+ axb5 25. Qxb4 Rc4 26. Qd6 Rc6 27. Nxc6
1-0

[Event "3º Open de Lisboa "]
[Site "Altis Park Hotel - Rua Eng.º A"]
[Date "2015.08.08"]
[Round "1.18"]
[White "CRACIUN, Ion"]
[Black "FORTUNATO, António Eduardo Con"]
[Result "1-0"]
[WhiteElo "2025"]
[BlackElo "1642"]
[PlyCount "107"]
[EventDate "2015.08.08"]

1. d4 d5 2. c4 c6 3. Nf3 Nf6 4. Nc3 e6 5. Bg5 Be7 6. e3 O-O 7. Bd3 h6 8. Bh4
dxc4 9. Bxc4 Nd5 10. Bxe7 Qxe7 11. O-O Qb4 12. Bxd5 exd5 13. Qc2 Be6 14. a3 Qe7
15. b4 Nd7 16. Na4 Bg4 17. Nc5 Bxf3 18. gxf3 Nxc5 19. bxc5 Qg5+ 20. Kh1 Qh4 21.
Qd1 f5 22. f4 Qd8 23. Qf3 Rf6 24. Rfb1 Rb8 25. Rb4 b5 26. cxb6 Rxb6 27. Rab1
Qe7 28. Rxb6 axb6 29. Rxb6 Qxa3 30. Rxc6 Rd6 31. Rxd6 Qxd6 32. Qd1 Qe6 33. Qb1
Kf7 34. h3 Kf6 35. Qb8 Qe4+ 36. Kh2 Qf3 37. Qe5+ Kg6 38. Qe6+ Kh7 39. Qxf5+ Kg8
40. Kg1 Kh8 41. Qg4 Qe4 42. f5 Qe7 43. h4 Qf6 44. Kg2 Qe7 45. h5 Kg8 46. Qg6
Kh8 47. f6 Qxf6 48. Qxf6 gxf6 49. Kf3 Kg7 50. Kf4 Kf7 51. Kf5 Ke7 52. Kg6 Ke6
53. Kxh6 Kf7 54. f3 1-0

[Event "3º Open de Lisboa "]
[Site "Altis Park Hotel - Rua Eng.º A"]
[Date "2015.08.08"]
[Round "1.19"]
[White "LOPES, José Manuel Cidreiro"]
[Black "MORAIS, Vitor Mestre"]
[Result "0-1"]
[WhiteElo "1641"]
[BlackElo "2017"]
[PlyCount "68"]
[EventDate "2015.08.08"]

1. e4 c5 2. Nf3 Nc6 3. d4 cxd4 4. Nxd4 Nf6 5. Nc3 e5 6. Ndb5 d6 7. Bg5 a6 8.
Bxf6 gxf6 9. Na3 b5 10. Nd5 f5 11. Bd3 Be6 12. c3 Bg7 13. Nc2 O-O 14. Nce3 fxe4
15. Bxe4 f5 16. Bc2 Ra7 17. Qh5 Raf7 18. O-O-O Ne7 19. Nxe7+ Qxe7 20. Nd5 Bxd5
21. Rxd5 e4 22. Bb3 Kh8 23. Rdd1 Rf6 24. Kb1 Rg6 25. Qh3 Qg5 26. Qg3 Qf6 27.
Qh3 b4 28. Rd4 bxc3 29. bxc3 Qg5 30. Rdd1 Be5 31. Rhg1 Qf4 32. g3 Qf3 33. Rde1
Qxc3 34. Re2 Rc8 0-1

[Event "3º Open de Lisboa "]
[Site "Altis Park Hotel - Rua Eng.º A"]
[Date "2015.08.08"]
[Round "1.21"]
[White "MARTINS, Abílio Morgado"]
[Black "MARTINS, André G Gomes Brito"]
[Result "0-1"]
[WhiteElo "1524"]
[BlackElo "2009"]
[PlyCount "74"]
[EventDate "2015.08.08"]

1. d4 Nf6 2. Nf3 g6 3. c4 Bg7 4. Nc3 O-O 5. e4 d6 6. Be2 Nbd7 7. O-O e5 8. d5
Nc5 9. Bg5 h6 10. Bxf6 Qxf6 11. b4 Nd7 12. h3 Qe7 13. Nh2 f5 14. Bd3 Nf6 15. f3
Nh5 16. Qe1 Nf4 17. Qd2 Qg5 18. Kh1 Nxh3 19. Qxg5 Nxg5 20. a4 Nh7 21. Rac1 Nf6
22. b5 Nd7 23. Bc2 Nc5 24. Rfe1 h5 25. Re2 Bh6 26. Rd1 Bd7 27. Nf1 f4 28. Nd2
g5 29. Kh2 g4 30. Rh1 Kg7 31. Kg1 Kg6 32. Kf1 Bg5 33. Ke1 g3 34. Kd1 h4 35. Nf1
Rh8 36. Nd2 h3 37. Nf1 hxg2 0-1

[Event "3º Open de Lisboa "]
[Site "Altis Park Hotel - Rua Eng.º A"]
[Date "2015.08.08"]
[Round "1.22"]
[White "PRATA, José Miguel Mendes"]
[Black "JÚLIO, André Alexandre Mira"]
[Result "1/2-1/2"]
[WhiteElo "2003"]
[BlackElo "1521"]
[PlyCount "68"]
[EventDate "2015.08.08"]

1. e4 c5 2. Nf3 g6 3. d4 cxd4 4. Nxd4 Nc6 5. Nc3 Bg7 6. Be3 Nf6 7. Bc4 O-O 8.
Bb3 a5 9. f3 a4 10. Nxa4 d5 11. Nxc6 bxc6 12. Nb6 Rb8 13. Nxc8 Rxc8 14. exd5
cxd5 15. O-O e6 16. Qd2 Nd7 17. c3 Nc5 18. Kh1 Nxb3 19. axb3 Rb8 20. b4 e5 21.
Bc5 Re8 22. Rad1 d4 23. cxd4 exd4 24. Bxd4 Bxd4 25. Qxd4 Qxd4 26. Rxd4 Re2 27.
Rb1 Rbe8 28. h4 Rf2 29. Rg4 Ree2 30. h5 Kg7 31. hxg6 hxg6 32. b5 Rxb2 33. Rb4
Rf1+ 34. Rxf1 Rxb4 1/2-1/2

[Event "3º Open de Lisboa "]
[Site "Altis Park Hotel - Rua Eng.º A"]
[Date "2015.08.08"]
[Round "1.23"]
[White "MOUQUINHO, José F Borralho"]
[Black "WESSLEN, Ulf"]
[Result "0-1"]
[WhiteElo "1510"]
[BlackElo "1989"]
[PlyCount "104"]
[EventDate "2015.08.08"]

1. e4 c5 2. Bc4 e6 3. Nc3 Nc6 4. a3 Nf6 5. Nf3 d6 6. d3 Be7 7. Be3 d5 8. exd5
exd5 9. Ba2 d4 10. Bd2 dxc3 11. Bxc3 O-O 12. O-O Bg4 13. h3 Bh5 14. Re1 Qc7 15.
Re3 Rad8 16. Qe1 Nd5 17. Bxd5 Rxd5 18. Ne5 Bd6 19. Nxc6 Qxc6 20. Be5 Bxe5 21.
Rxe5 Bg6 22. Qc3 Rxe5 23. Qxe5 Re8 24. Qc3 h6 25. Re1 b6 26. b3 Re6 27. a4 Rf6
28. Qe5 Kh7 29. Qb8 Re6 30. Re5 a6 31. Kf1 Qd6 32. Qxd6 Rxd6 33. f4 f6 34. Re7
Bf5 35. g4 Bd7 36. f5 Rd5 37. Kf2 Kg8 38. Kg3 Kf8 39. Re3 Re5 40. Kf4 Rxe3 41.
Kxe3 Ke7 42. c4 Kd6 43. Kf4 Bc6 44. h4 Bg2 45. g5 h5 46. g6 Bf1 47. Ke4 Bxd3+
48. Kxd3 Ke5 49. b4 cxb4 50. Ke3 a5 51. Kd3 Kxf5 52. Kd4 Ke6 0-1

[Event "3º Open de Lisboa "]
[Site "Altis Park Hotel - Rua Eng.º A"]
[Date "2015.08.08"]
[Round "1.28"]
[White "STELIAN, Turtã"]
[Black "GUERREIRO, Hélder Campos"]
[Result "1-0"]
[WhiteElo "1905"]
[BlackElo "1495"]
[PlyCount "48"]
[EventDate "2015.08.08"]

1. Nf3 d5 2. d4 Nc6 3. Bg5 Bg4 4. Nbd2 h6 5. Bh4 g6 6. h3 Bd7 7. e3 Bg7 8. c3
Nf6 9. Qb3 O-O 10. Bxf6 Bxf6 11. Qxd5 Be6 12. Qb5 a6 13. Qa4 Bd7 14. Qc2 e5 15.
Bc4 exd4 16. cxd4 b5 17. Qxg6+ Bg7 18. Bb3 Qc8 19. a3 Bf5 20. Qxc6 Bd3 21. Rc1
Ra7 22. Qc5 Rb7 23. Bd5 c6 24. Qxc6 Rc7 1-0

[Event "3º Open de Lisboa "]
[Site "Altis Park Hotel - Rua Eng.º A"]
[Date "2015.08.08"]
[Round "1.30"]
[White "RODRIGUES, Luis Miguel Bernard"]
[Black "MACHADO, Tomás Dias"]
[Result "1-0"]
[WhiteElo "1882"]
[BlackElo "1427"]
[PlyCount "107"]
[EventDate "2015.08.08"]

1. e4 e6 2. d4 d5 3. Nd2 c5 4. exd5 exd5 5. dxc5 Bxc5 6. Ngf3 Nf6 7. Bd3 Be6 8.
O-O Nbd7 9. Nb3 a6 10. Bg5 Bd6 11. Nbd4 O-O 12. Bf5 Bxf5 13. Nxf5 Bc5 14. Qd3
Qb6 15. Rab1 Rfe8 16. Be3 Re4 17. c3 Bxe3 18. Nxe3 Qc6 19. Rbd1 Nb6 20. Nd4 Qe8
21. Rfe1 Ng4 22. Ndc2 Nxe3 23. Rxe3 Nc4 24. Rxe4 Qxe4 25. Qxe4 dxe4 26. b3 Ne5
27. Rd4 Nd3 28. Nb4 Re8 29. Nxd3 exd3 30. Kf1 h6 31. Rxd3 Re5 32. Re3 Ra5 33.
a4 Kf8 34. Ke2 b5 35. Re5 f6 36. Rc5 Ke7 37. axb5 axb5 38. Ke3 Kd6 39. Kd4 Ra2
40. Rxb5 Rxf2 41. c4 Rxg2 42. c5+ Kc7 43. Ra5 Kb7 44. h4 Rg4+ 45. Kd5 Rxh4 46.
c6+ Kb6 47. Ra8 Rh1 48. Rb8+ Kc7 49. Rb7+ Kc8 50. Rxg7 h5 51. b4 Rf1 52. b5
Rf5+ 53. Kd6 Kb8 54. b6 1-0

[Event "3º Open de Lisboa "]
[Site "Altis Park Hotel - Rua Eng.º A"]
[Date "2015.08.08"]
[Round "1.31"]
[White "ALMEIDA, Diogo António"]
[Black "ROXO, Agostinho José Gonça"]
[Result "1-0"]
[WhiteElo "1346"]
[BlackElo "1882"]
[PlyCount "73"]
[EventDate "2015.08.08"]

1. d4 d5 2. c4 c6 3. Nf3 e6 4. Nc3 f5 5. Bf4 Bd6 6. Bxd6 Qxd6 7. e3 Nf6 8. Ne5
Nbd7 9. f4 O-O 10. Be2 Qe7 11. O-O Nxe5 12. dxe5 Nd7 13. Qc2 Qc5 14. Qd3 dxc4
15. Qd4 Qxd4 16. exd4 b5 17. a4 b4 18. Na2 a5 19. Bxc4 Nb6 20. Bb3 Bd7 21. Nc1
Kf7 22. Nd3 Rfd8 23. Nc5 Bc8 24. Rfd1 Ra7 25. Rac1 Rg8 26. Kf2 g5 27. g3 Rc7
28. Nxe6 Bxe6 29. d5 gxf4 30. dxe6+ Ke7 31. gxf4 c5 32. Rd6 Na8 33. Rd7+ Rxd7
34. exd7 Rd8 35. e6 Nb6 36. Rxc5 Nxd7 37. Rc7 1-0

[Event "3º Open de Lisboa "]
[Site "Altis Park Hotel - Rua Eng.º A"]
[Date "2015.08.08"]
[Round "1.32"]
[White "ESPIRITO SANTO, Waldyr"]
[Black "ABREU, Alexandré Ribeiro"]
[Result "1-0"]
[WhiteElo "1879"]
[BlackElo "1342"]
[PlyCount "77"]
[EventDate "2015.08.08"]

1. e4 e6 2. d4 d5 3. Nc3 Bb4 4. e5 c5 5. a3 Bxc3+ 6. bxc3 Nc6 7. Qg4 Nge7 8.
Qxg7 Rg8 9. Qxh7 cxd4 10. cxd4 Nxd4 11. Qd3 Ndc6 12. Nf3 Qc7 13. Bb2 b6 14. g3
Bb7 15. Bg2 O-O-O 16. h4 Ng6 17. Qd2 Ncxe5 18. Nxe5 Nxe5 19. Qf4 Ng6 20. Qxc7+
Kxc7 21. h5 Nf8 22. Be5+ Kc8 23. Rc1 Bc6 24. c4 Kb7 25. cxd5 Bxd5 26. f3 Rd7
27. Kf2 Nh7 28. Rhd1 f6 29. Bf4 Rdg7 30. h6 Rd7 31. g4 e5 32. Be3 Rgd8 33. Rd2
Be6 34. Rdc2 Bb3 35. f4+ Kb8 36. Rc3 Be6 37. g5 exf4 38. Bxf4+ Rd6 39. g6 1-0

[Event "3º Open de Lisboa "]
[Site "Altis Park Hotel - Rua Eng.º A"]
[Date "2015.08.08"]
[Round "1.33"]
[White "ABREU, Paulo Alexandré Madu"]
[Black "CADEIRINHAS, David Eduardo Lou"]
[Result "0-1"]
[WhiteElo "1322"]
[BlackElo "1877"]
[PlyCount "44"]
[EventDate "2015.08.08"]

1. e4 c5 2. f4 Nc6 3. Nf3 e6 4. Bb5 Nge7 5. d3 a6 6. Bxc6 Nxc6 7. O-O d5 8. Nc3
Be7 9. Bd2 O-O 10. b3 b5 11. a4 b4 12. Ne2 a5 13. Qe1 Ba6 14. e5 Rc8 15. Qg3 f6
16. Qe1 Qc7 17. c3 Bxd3 18. cxb4 cxb4 19. Rc1 Qb8 20. Kh1 Ba6 21. Qf2 fxe5 22.
Qg3 Bxe2 0-1